True or False: Animals - Sudden Death - Statistics

General Stats
  • This quiz has been taken 5,843 times
  • The average score is 5 of 15
Answers on the Grid
Answers color-coded by a green-red scale on the quiz's grid according to % correct below.
Giant pandas are bears
Ostriches can fly
Sharks are fish
Dogs can dream
Spiders are insects
Platypuses are venomous
Cheetah is the fastest land animal
Moles are blind
Butterflies have teeth
Guinea pigs are native to Americas
Tortoises can live over 100 years
There are wild lions in China
Puma and cougar are the same
Wolves are monogamous
Hedgehogs hibernate
The blue whale is the largest animal alive
Birds don't sweat
Elephants can jump
Cats have 9 lives
Bees coexisted with dinosaurs
Crabs lay eggs
Frogs are reptiles
Tasmanian devils carry pitchforks
Some bats feed on blood
 
Answer Stats
Answer % Correct
The giant panda is a true bear, part of the family Ursidae. Giant pandas are bears
66%
Sharks are fish
64%
Cheetah is the fastest land animal
58%
Like other mammals similar in brain structure, dogs have dreams. Cats too. Dogs can dream
58%
Tortoises have one of the longest lifespans of any animal. Most species can live 80–150 years. Tortoises can live over 100 years
47%
Platypuses are venomous
43%
The blue whale is the largest animal alive
33%
Desmodontinae like the Vampire bat feed on the blood of other animals. Some bats feed on blood
28%
Crabs lay eggs
26%
Guinea pigs are native to Americas
24%
Hedgehogs hibernate
24%
Different names for the species Puma concolor. Puma and cougar are the same
24%
Birds don't have sweat glands, but can evaporate water through their respiratory tract by panting. Birds don't sweat
20%
Bees are thought to have originated during the Cretaceous. Bees coexisted with dinosaurs
14%
Grey wolves and coyotes are monogamous and usually mate for life. Wolves are monogamous
12%
No matching quizzes found
Score Distribution
Percent of People with Each Score
Percentile by Number Answered
Your Score History
You have not taken this quiz